Structural steel design /
Gespeichert in:
| Hauptverfasser: | , |
|---|---|
| Format: | Buch |
| Sprache: | Englisch |
| Veröffentlicht: |
New York :
Ronald Press,
1964
|
| Ausgabe: | [1st ed.] |
| Schlagworte: | |
| Online-Zugang: |
|
| Tags: |
Tag hinzufügen
Keine Tags, Fügen Sie den ersten Tag hinzu!
|
MARC
| LEADER | 00000cam a2200000 4500 | ||
|---|---|---|---|
| 003 | SK-BrCVT | ||
| 005 | 20220617224150.0 | ||
| 008 | 070625s1964 xxu e ||||||eng d | ||
| 035 | |a CVTIDW1417299 | ||
| 040 | |b slo |a CVTI SR |e AACR2 | ||
| 041 | 0 | |a eng | |
| 044 | |a xxu | ||
| 080 | |a 624.014.2 |2 UDC-MRF | ||
| 100 | 1 | |a Tall, Lambert |4 aut | |
| 245 | 1 | 0 | |a Structural steel design / |c Authors: Lambert Tall, Lynn S. Beedle ... [et al.] |
| 250 | |a [1st ed.] | ||
| 260 | |a New York : |b Ronald Press, |c 1964 | ||
| 300 | |a 12, 829 s. : |b fotogr., grafy, lit., obr., tab. ; | ||
| 653 | 1 | |a oceľová konštrukcia |a navrhovanie | |
| 700 | 1 | |a Beedle, Lynn S. |4 aut | |
| 910 | |b A195338 | ||
| 974 | |f Knihy | ||
| 992 | |a AMG | ||
| 999 | |c 156461 |d 156461 | ||